000 00389cam a22001217a 4500
008 180718b1971 xxu||||| |||| 00| 0 eng d
082 _aA7x54 SI64
245 _aIndia: a regional geography
_cedited by R.L. Singh
260 _aVaranasi
_bNational Geographical Society Of India
_c1971
300 _axx, 992
650 _aIndia --Geography. India --Economic conditions.
700 _aSingh, R.L.
999 _c408040
_d408040